000
00305nam a2200109Ia 4500
008
190914s9999||||xx |||||||||||||| ||und||
100
_a
Rafia A.Mohammad
245
0
_a
Internet Marketing building advantage in a networked economy
260
_a
New Jersey
_b
Prentice Hall
_c
2000
300
_a
191
942
_c
BK
999
_c
9378
_d
9378